ՄԱՅՐ ԱԹՈՌ ՍՈՒՐԲ ԷՋՄԻԱԾԻՆ

«ՎԱՉԵ ԵՎ ԹԱՄԱՐ ՄԱՆՈՒԿՅԱՆ» ՄԱՏԵՆԱԴԱՐԱՆ

Դատաստանագիրք հայոց / (Record no. 44061)

MARC details
000 -LEADER
fixed length control field 01497nam a2200277Ia 4500
003 - CONTROL NUMBER IDENTIFIER
control field SEM
005 - DATE AND TIME OF LATEST TRANSACTION
control field 20251015123335.0
008 - FIXED-LENGTH DATA ELEMENTS--GENERAL INFORMATION
fixed length control field 141116s1880 ai ||||gr||||||01|||arm|d
040 ## - CATALOGING SOURCE
Original cataloging agency SEM
Transcribing agency SEM
041 ## - LANGUAGE CODE
Language code of text/sound track or separate title arm
080 ## - UNIVERSAL DECIMAL CLASSIFICATION NUMBER
Universal Decimal Classification number 34(47.925)/Մ-79
100 ## - MAIN ENTRY--PERSONAL NAME
Personal name Մխիթար, Գօշ
Dates associated with a name (1130-1213)
Fuller form of name [Մխիթար, Գոշ]
245 ## - TITLE STATEMENT
Title Դատաստանագիրք հայոց /
Statement of responsibility, etc. Մխիթար Գօշ ; Իրաւաբանական հետազօտութիւնք հանդերձ ծանօթութեամբք Վահան Ծ. վարդապետի Բաստամեանց Միաբանի Սրբոյ Էջմիածնի եւ վանահօր Ս. Գայիանիայ վանուց
246 ## - VARYING FORM OF TITLE
Title proper/short title Մխիթարայ Գօշի Դատաստանագիրք հայոց /
260 ## - PUBLICATION, DISTRIBUTION, ETC.
Place of publication, distribution, etc. Վաղարշապատ :
Name of publisher, distributor, etc. Ի տպարանի Սրբոց Կաթուղիէ Էջմիածնի,
-- [տպ. Ս. Էջմիածին],
Date of publication, distribution, etc. ՌՅԼ.
-- 1880.
300 ## - PHYSICAL DESCRIPTION
Extent 442, ԺԲ էջ ;
Dimensions Շարվ.` 19x13 սմ ;
-- 25 սմ
500 ## - GENERAL NOTE
General note Թվայնացված օրինակում կա տպագրական սխալ՝ 430 էջի փոխարեն տպագրված է՝ 304:
500 ## - GENERAL NOTE
General note Տիտղոսաթերթի վրա զարդանախշ:
650 ## - SUBJECT ADDED ENTRY--TOPICAL TERM
Topical term or geographic name entry element Իրավաբանություն
650 ## - SUBJECT ADDED ENTRY--TOPICAL TERM
Topical term or geographic name entry element Օրենք
650 ## - SUBJECT ADDED ENTRY--TOPICAL TERM
Topical term or geographic name entry element Օրենսգիրք
653 ## - INDEX TERM--UNCONTROLLED
Uncontrolled term ՍԷՄ
700 ## - ADDED ENTRY--PERSONAL NAME
Personal name Բաստամյան, Վահան
Dates associated with a name (1835-1881)
Relator term կազմ.
Relationship com
856 ## - ELECTRONIC LOCATION AND ACCESS
Uniform Resource Identifier <a href="http://greenstone.flib.sci.am/gsdl/collect/haygirq/book/datastanag_1880.pdf">http://greenstone.flib.sci.am/gsdl/collect/haygirq/book/datastanag_1880.pdf</a>
Link text Կարդալ առցանց
942 ## - ADDED ENTRY ELEMENTS (KOHA)
Source of classification or shelving scheme Universal Decimal Classification
Koha item type Գրքեր/Books
Holdings
Withdrawn status Lost status Source of classification or shelving scheme Damaged status Not for loan Collection code Home library Current library Date acquired Cost, normal purchase price Inventory number Total Checkouts Full call number Barcode Date last seen Price effective from Koha item type Public note
    Universal Decimal Classification     Գրապահոց Մայր Աթոռ Սուրբ Էջմիածին «Վաչե և Թամար Մանուկյան» Մատենադարան Մայր Աթոռ Սուրբ Էջմիածին «Վաչե և Թամար Մանուկյան» Մատենադարան 16/11/2014 15000.00 11125   34(47.925)/Մ-79 11125 16/11/2014 16/11/2014 Գրքեր/Books Սպասարկվում է ընթերցասրահ
    Universal Decimal Classification     Գրապահոց Մայր Աթոռ Սուրբ Էջմիածին «Վաչե և Թամար Մանուկյան» Մատենադարան Մայր Աթոռ Սուրբ Էջմիածին «Վաչե և Թամար Մանուկյան» Մատենադարան 16/11/2014 15000.00 1936   34(47.925)/Մ-79 1936 16/11/2014 16/11/2014 Գրքեր/Books Սպասարկվում է ընթերցասրահ
    Universal Decimal Classification     Գրապահոց Մայր Աթոռ Սուրբ Էջմիածին «Վաչե և Թամար Մանուկյան» Մատենադարան Մայր Աթոռ Սուրբ Էջմիածին «Վաչե և Թամար Մանուկյան» Մատենադարան 16/11/2014 3000.00 20397   34(47.925)/Մ-79 20397 16/11/2014 16/11/2014 Գրքեր/Books Սպասարկվում է ընթերցասրահ
    Universal Decimal Classification     Գրապահոց Մայր Աթոռ Սուրբ Էջմիածին «Վաչե և Թամար Մանուկյան» Մատենադարան Մայր Աթոռ Սուրբ Էջմիածին «Վաչե և Թամար Մանուկյան» Մատենադարան 16/11/2014 3000.00 20398   34(47.925)/Մ-79 20398 16/11/2014 16/11/2014 Գրքեր/Books Սպասարկվում է ընթերցասրահ
    Universal Decimal Classification     Գրապահոց Մայր Աթոռ Սուրբ Էջմիածին «Վաչե և Թամար Մանուկյան» Մատենադարան Մայր Աթոռ Սուրբ Էջմիածին «Վաչե և Թամար Մանուկյան» Մատենադարան 16/11/2014 15000.00 3350   34(47.925)/Մ-79 3350 16/11/2014 16/11/2014 Գրքեր/Books Սպասարկվում է ընթերցասրահ
    Universal Decimal Classification     Գրապահոց Մայր Աթոռ Սուրբ Էջմիածին «Վաչե և Թամար Մանուկյան» Մատենադարան Մայր Աթոռ Սուրբ Էջմիածին «Վաչե և Թամար Մանուկյան» Մատենադարան 04/04/2025 15000.00 36584   34(47.925)/Մ-79 36584 04/04/2025 04/04/2025 Գրքեր/Books Սպասարկվում է ընթերցասրահ
    Universal Decimal Classification     Գրապահոց Մայր Աթոռ Սուրբ Էջմիածին «Վաչե և Թամար Մանուկյան» Մատենադարան Մայր Աթոռ Սուրբ Էջմիածին «Վաչե և Թամար Մանուկյան» Մատենադարան 15/10/2025 15000.00 Հովհ-2650   Հովհ-2650 Հովհ-2650 15/10/2025 15/10/2025 Գրքեր/Books Սպասարկվում է ընթերցասրահ